Dean John Colet of St. Paul's (Record no. 41955)
[ view plain ]
| 000 -LEADER | |
|---|---|
| fixed length control field | 01338nam a2200325 a 4500 |
| 100 1# - MAIN ENTRY--AUTHOR NAME | |
| Personal name | Arnold, Jonathan. |
| 245 10 - TITLE STATEMENT | |
| Title | Dean John Colet of St. Paul's |
| 260 ## - PUBLICATION, DISTRIBUTION, ETC. (IMPRINT) | |
| Place of publication | New York : |
| Name of publisher | I.B. Tauris, |
| Year of publication | 2007. |
| 300 ## - PHYSICAL DESCRIPTION | |
| Number of Pages | 260 p. |
| 650 #0 - SUBJECT ADDED ENTRY--TOPICAL TERM | |
| Topical Term | Theologians |
| Topical Term | Christianity and religious humanism |
| 856 40 - ELECTRONIC LOCATION AND ACCESS | |
| Uniform Resource Identifier | http://site.ebrary.com/lib/rucke/Doc?id=10717712 |
No items available.
